Top Ten JetPunk Users - Statistics

General Stats
  • This quiz has been taken 7 times
    3 since last reset
  • The average score is 4 of 13
Answer Stats
Hint Answer % Correct
- Quizmaster
100%
3 Stewart
100%
7 KoljiVriVoda
67%
1 Relessness
67%
8 Gassu
33%
5 Jerry928
33%
2 Quizzer6794
33%
6 Gamer1162
0%
- JohnnyAitch
0%
9 Kiwirage
0%
- Punkfrancais
0%
4 Scambigol
0%
10 Wolfcam
0%
No matching quizzes found
Score Distribution
Percent of People with Each Score
Percentile by Number Answered
Your Score History
You have not taken this quiz since the last reset